[Event "EU-ch U14 Girls 24th"]
[Site "Batumi"]
[Date "2014.10.21"]
[Round "3"]
[White "Hasanzada, Ulkar"]
[Black "Napishvili, Mariam"]
[Result "1-0"]
[WhiteElo "1603"]
[BlackElo "1298"]
[PlyCount "77"]
[EventDate "2014.10.19"]
[EventType "swiss"]
[EventRounds "9"]
[EventCountry "GEO"]
[SourceTitle "EXT 2016"]
[Source "ChessBase"]
[SourceDate "2015.10.08"]
[SourceVersion "1"]
[SourceVersionDate "2015.10.08"]
[SourceQuality "1"]

1. e4 e5 2. Nf3 Nc6 3. d4 exd4 4. Bc4 h6 5. 0-0 Bc5 6. c3 Nge7 7. cxd4 Bb6 8. Nc3 0-0 9. a3 d6 10. Be3 Bg4 11. Be2 f5 12. exf5 Nxf5 13. Nd5 Kh8 14. Nxb6 axb6 15. Rc1 Rc8 16. h3 Bxf3 17. Bxf3 Qe8 18. Re1 Nfe7 19. b4 b5 20. Qe2 Nd8 21. Bxh6 gxh6 22. Qxe7 Qxe7 23. Rxe7 c6 24. d5 Rg8 25. Be4 Rg7 26. Re8+ Rg8 27. Rxg8+ Kxg8 28. g4 Kg7 29. f4 Ra8 30. Rc3 Ra6 31. Kf2 Kf6 32. h4 cxd5 33. Bxd5 Nc6 34. Bxc6 bxc6 35. Ke3 Ke6 36. Kd4 Ra8 37. Re3+ Kf7 38. g5 Ra4 39. f5 1-0